| 000 | 00807cab a2200181 4500 | ||
|---|---|---|---|
| 001 | X88514 | ||
| 008 | 090401t1997 xxu||||| |||| 00| 0 eng d | ||
| 035 | _a(Sirsi) u82900 | ||
| 041 | _aeng | ||
| 245 | _aBell and Others v General Accident Fire and Life Assurance Corporation Plc | ||
| 260 | _c1997 | ||
| 350 | _a0 | ||
| 490 |
_aNew Property Cases _v[1997] NPC 174, (3) |
||
| 520 | _aCA 11 December 1997. A tenant by estoppel is unable to avoid the interim rent provisions at the termination of the term granted under the Landlord and Tenant Act 1954 by seeking to exclude the landlord by estoppel from the provisions of the Act. Taken from report heading. NOT TO BE PHOTOCOPIED | ||
| 650 | _aBELL AND OTHERS V GENERAL ACCIDENT FIRE AND LIFE ASSURANCE CORPORATION | ||
| 942 | _n0 | ||
| 948 | _c24/12/1997 | ||
| 999 |
_c52356 _d52356 |
||